| 000 | 00887nam a22002657a 4500 | ||
|---|---|---|---|
| 003 | CHAP | ||
| 005 | 20220329135526.0 | ||
| 008 | 971013s r 00010 d | ||
| 010 | _a38054 | ||
| 011 | _a39026 | ||
| 035 | _a43146 | ||
| 040 | _cCHAP | ||
| 090 | _aR-1171 | ||
| 100 | 0 | 0 |
_aQuintiliano de Avelar Márque, Joao. _993450 |
| 245 | _aConservacao do solo em cafézal | ||
| 500 | _aSobretiro de : Boletim da Super Intendencia dos Servicos do Cafe. Sao Paulo. n.s. 233, 235-239, 242-247, 251-257, 262, 270 e 272. 1946-1949. 234 p. | ||
| 590 |
_aBATCH-UPD _b10 _c20130110 _lUCH01 _h2211 |
||
| 590 |
_aBATCH-UPD _b10 _c20130410 _lUCH01 _h1514 |
||
| 590 |
_aBATCH-UPD _b10 _c20130914 _lUCH01 _h1949 |
||
| 590 |
_aCONVERSION _b10 _c20130109 _lUCH01 _h1321 |
||
| 650 | 1 | 4 |
_aSuelos cafetaleros. _9110538 |
| 901 | _aBK | ||
| 942 | _cREIMP | ||
| 949 |
_aR-1171 _bBC _cR _d-99047 _eTS1 _i43146 _si |
||
| 999 |
_c38054 _d38054 |
||